| 000 | 00708nam a2200205Ia 4500 | ||
|---|---|---|---|
| 003 | OSt | ||
| 005 | 20240801150305.0 | ||
| 008 | 210210b1980 xxu||||| |||| 00| 0 eng d | ||
| 040 | _cAL | ||
| 041 | _akan | ||
| 082 | _aK894.8 KAND | ||
| 100 |
_aKANNADA SAHITYA PARISHATTU: _dಕನ್ನಡ ಸಾಹಿತ್ಯ ಪರಿಷತ್ತು _9174803 |
||
| 245 |
_aDharmasthala sahitya sammelana1979 _bಧರ್ಮಸ್ಥಳ ಸಾಹಿತ್ಯ ಸಮ್ಮೇಳನ ೧೯೭೯ |
||
| 260 |
_aBengaluru _bKannada Sahitya Partishattu _c1980 |
||
| 300 | _aviii,456 | ||
| 650 |
_aDakshina Kannada sahitya sammelana _9174804 |
||
| 690 |
_aKannada Miscellaneous _9174805 |
||
| 906 | _a036760 | ||
| 942 |
_2ddc _cBK |
||
| 999 |
_c87448 _d87448 |
||